000 01916cam a2200469 i 4500
999 _c5203
_d5203
001 21078727
003 OSt
005 20250825132320.0
008 190715s2020 nyua c 6b 000 0 eng
010 _a 2019946063
020 _a9781338120912
_q(paperback)
035 _a21078727
040 _aDLC
_beng
_erda
_cDLC
_dKH8
042 _apcc
043 _an-us---
082 _aFIC TAR
100 1 _aTarshis, Lauren,
_eauthor.
245 1 0 _aI survived the sinking of the Titanic, 1912 /
_cLauren Tarshis.
250 _aFirst edition.
264 1 _aNew York :
_bGraphix, an imprint of Scholastic,
_c2020.
300 _a148 pages :
_bchiefly color illustrations ;
_c24 cm.
336 _atext
_btxt
_2rdacontent
336 _astill image
_2rdacontent
337 _aunmediated
_bn
_2rdamedia
338 _avolume
_bnc
_2rdacarrier
490 0 _aI survived graphic novels ;
_v1
500 _a"The graphic novel"--Cover
500 _aBased on the novel in the New York Times bestselling series by Lauren Tarshis.
504 _aIncludes bibliographical references.
520 _a"Ten-year-old George Calder can't wait to explore every inch of the Titanic, even if his little sister, Phoebe, has to tag along. But when George sneaks away without her and ventures into the first class baggage room, a terrible boom shakes the entire boat. Suddenly, water is everywhere, and George's life changes forever."--
_cProvided by publisher.
521 _aAges 8-12
_bScholastic Inc.
521 _aGrades 4-6
_bScholastic Inc.
610 2 1 _aTitanic (Steamship)
_vFiction.
650 1 _aGraphic novels.
650 1 _aOcean travel
_vFiction.
650 1 _aShipwrecks
_vFiction.
655 7 _aHistorical comics.
_2lcgft
655 7 _aGraphic novel adaptations.
_2lcgft
655 7 _aFiction.
_2lcgft
_0https://id.loc.gov/authorities/genreForms/gf2014026339
710 2 _aHaus Studio,
_eillustrator.
942 _2ddc
_cGN